Catálogo público

Manual de Ingeniería, Recopilación Practica de Datos y Métodos sobre Ingenieria de la Construcción, Química, Civil, Eléctrica, Mecánica y Nuclear / (Record no. 171992)

MARC details
000 -CABECERA
campo de control de longitud fija 01035nam a2200301Ia 4500
001 - NÚMERO DE CONTROL
campo de control dia_1452
003 - IDENTIFICADOR DEL NÚMERO DE CONTROL
campo de control CHAP
005 - FECHA Y HORA DE LA ÚLTIMA TRANSACCIÓN
campo de control 20230627124524.0
008 - DATOS DE LONGITUD FIJA--INFORMACIÓN GENERAL
campo de control de longitud fija 220117s1966 xx 000 0 und d
010 ## - NÚMERO DE CONTROL DE LA BIBLIOTECA DEL CONGRESO
Número de control de LC 171992
040 ## - FUENTE DE LA CATALOGACIÓN
Centro/agencia transcriptor CHAP
082 ## - NÚMERO DE LA CLASIFICACIÓN DECIMAL DEWEY
Número de clasificación 620 P46
100 ## - ENTRADA PRINCIPAL--NOMBRE DE PERSONA
Nombre de persona Perry, John H.
9 (RLIN) 87301
245 ## - MENCIÓN DE TÍTULO
Título Manual de Ingeniería, Recopilación Practica de Datos y Métodos sobre Ingenieria de la Construcción, Química, Civil, Eléctrica, Mecánica y Nuclear /
Mención de responsabilidad, etc. por John H. Perry y Robert H. Perry
260 ## - PUBLICACIÓN, DISTRIBUCIÓN, ETC.
Lugar de publicación, distribución, etc. Barcelona, España. ed.Labor
Fecha de publicación, distribución, etc. 1966
300 ## - DESCRIPCIÓN FÍSICA
Extensión S.p.
600 ## - PUNTO DE ACCESO ADICIONAL DE MATERIA--NOMBRE DE PERSONA
Nombre de persona I. Perry, Robert H. II.t.
9 (RLIN) 150785
650 ## - PUNTO DE ACCESO ADICIONAL DE MATERIA--TÉRMINO DE MATERIA
Término de materia o nombre geográfico como elemento de entrada 1.Ingenieria
Subdivisión general Manuales,etc./
9 (RLIN) 150786
650 ## - PUNTO DE ACCESO ADICIONAL DE MATERIA--TÉRMINO DE MATERIA
Término de materia o nombre geográfico como elemento de entrada Ingenieria Civil./
9 (RLIN) 58214
650 ## - PUNTO DE ACCESO ADICIONAL DE MATERIA--TÉRMINO DE MATERIA
Término de materia o nombre geográfico como elemento de entrada Ingenieria Electrica./
9 (RLIN) 58223
650 ## - PUNTO DE ACCESO ADICIONAL DE MATERIA--TÉRMINO DE MATERIA
Término de materia o nombre geográfico como elemento de entrada Ingenieria Mecanica./
9 (RLIN) 58260
650 ## - PUNTO DE ACCESO ADICIONAL DE MATERIA--TÉRMINO DE MATERIA
Término de materia o nombre geográfico como elemento de entrada Ingenieria Nuclear.
9 (RLIN) 58268
650 ## - PUNTO DE ACCESO ADICIONAL DE MATERIA--TÉRMINO DE MATERIA
Término de materia o nombre geográfico como elemento de entrada Ingenieria Quimica./
9 (RLIN) 58271
901 ## - ELEMENTOS DE DATOS A LOCAL LDA (RLIN)
a 620 P46
902 ## - ELEMENTOS DE DATOS B LOCAL, LDB (RLIN)
a M
905 ## - ELEMENTOS DE DATOS E LOCAL, LDE (RLIN)
a 0000001966 BAR 0000000000ESP00
942 ## - ELEMENTOS DE PUNTO DE ACCESO ADICIONAL (KOHA)
Tipo de ítem Koha Libro
Fuente del sistema de clasificación o colocación Dewey Decimal Classification
Holdings
Estado de retiro Estado de pérdida Fuente del sistema de clasificación o colocación Estado dañado No para préstamo Código de colección Localización permanente Ubicación/localización actual Fecha de adquisición Información codificada de la localización en otra ubicación Total de préstamos Signatura topográfica completa Código de barras Fecha visto por última vez Número de copia Precio válido a partir de Tipo de ítem Koha
    Dewey Decimal Classification     General Ingenieria Agroindustrial Ingenieria Agroindustrial 18/01/2022 1   620 P46 dia_496 18/01/2022 1 18/01/2022 Libro